000 00736nam a22001817a 4500
999 _c18210
_d18210
003 AR-CdUCM
008 190513b ||||| |||| 00| 0 spa d
040 _aMUNICIPALIDAD PROVINCIAL DEL CUSCO
_cBIBLIOTECA MUNICIPAL DEL CUSCO
082 _a301.1 /
_bS78
100 _aStark, Werner
_96307
245 _aSociologia del conocimiento (El pensamiento sociologico en la historia de las ideas) /
300 _a476 páginas ;
_c21 cm.
505 _aOrientación preliminar -- Los antecedentes de la sociologia del conocimiento -- La esencia de la sociología del conocimiento --La consecuencia de la sociología del conocimiento...
650 _aSociología.
_9276
650 _aConocimiento.
_95704
942 _2ddc
_cLIBROS
945 _awfj